00979nam a22002657a 4500003000400000005001700004008004000021020002200061040003700083082003900120245010700159260004200266300003500308504005300343650003200396650002500428650002600453650001400479650002700493650002600520650005800546650002500604700002800629856005600657OSt20250509082603.0250505t2023 |||o||||o| || 00| ||eng dd a978-1-3502-4478-8 cJMCFI - Learning Resource Center aeBook/Ed. 378.’001’4 C912 2023 aCreating the desire for change in higher educationh[electronic resource] /bedited by Didi Griddioen. aLondon :bBloomsbury Academic,c2023. a1 online resource (233 pages). aIncludes bibliographical references and indexes. aHigher educationxResearch. aEducationxResearch. aResearch integration. aResearch. aResearch and teaching. aHybrid organizations. aOpen Access Publishing in European Networks (OAPEN).  aeBook (Open access). aGriffioen, Didieeditor uhttps://library.oapen.org/handle/20.500.12657/58875